00356nam a2200157Ia 4500008004000000041000800040082001200048100001900060245003200079260003900111650001300150650000700163650001000170650000900180650000900189210210b1904 xxu||||| |||| 00| 0 eng d aeng a821/501 aPALGRAVE (F T) aNotes on treasury book I-IV aLondonbMacmillan & Co. Ltd.c1904 atreasury aon aNotes aI-IV abook